[Event "Medellin Sub zt 2.3.2"]
[Site "Medellin"]
[Date "2025.04.18"]
[Round "8"]
[White "Castillo Vazquez, Adgart Miguel"]
[Black "Ladino Hernandez, Angel Joel"]
[Result "1-0"]
[WhiteElo "1897"]
[BlackElo "1687"]
[PlyCount "105"]
[EventDate "2025.04.14"]
[EventType "swiss"]
[EventRounds "9"]
[EventCountry "COL"]
[SourceTitle "CB18_2025"]
[SourceDate "2025.04.30"]
[SourceVersion "1"]
[SourceVersionDate "2025.04.30"]
[SourceQuality "1"]

1. d4 Nf6 2. c4 g6 3. Nc3 Bg7 4. e4 d6 5. Bd3 0-0 6. Nge2 e5 7. d5 a5 8. Ng3 Na6 9. 0-0 h5 10. Bg5 Qe8 11. Qd2 Nh7 12. Bh6 f5 13. Bxg7 Kxg7 14. f4 h4 15. Nge2 exf4 16. exf5 g5 17. Rae1 Qf7 18. Nd4 Bd7 19. Ne6+ Bxe6 20. fxe6 Qf6 21. Bb1 Qh6 22. Qd4+ Nf6 23. Ne4 Rae8 24. a3 h3 25. g3 Kg8 26. gxf4 Nxe4 27. Qxe4 Qh4 28. f5 Qxe4 29. Rxe4 Kg7 30. Rg4 Kf6 31. Rf3 Rh8 32. Rgg3 Rh4 33. Rxh3 Reh8 34. Rxh4 Rxh4 35. Re3 Rh7 36. h3 Nc5 37. Kg2 Na4 38. b3 Nb6 39. Bd3 Nc8 40. b4 axb4 41. axb4 Ne7 42. Rg3 Rh4 43. Rg4 Rxg4+ 44. hxg4 Ng8 45. Kf2 Ke5 46. Ke3 Nf6 47. Be2 Ng8 48. c5 Nf6 49. Bf3 Ne8 50. Kd3 Kf4 51. Bd1 Ke5 52. Kc4 Ke4 53. Ba4 1-0

[Event "Medellin Sub zt 2.3.2"]
[Site "Medellin"]
[Date "2025.04.18"]
[Round "7"]
[White "Rivero Ochoa, Alan Alexis"]
[Black "Castillo Vazquez, Adgart Miguel"]
[Result "1-0"]
[WhiteElo "1699"]
[BlackElo "1897"]
[PlyCount "75"]
[EventDate "2025.04.14"]
[EventType "swiss"]
[EventRounds "9"]
[EventCountry "COL"]
[SourceTitle "CB18_2025"]
[SourceDate "2025.04.30"]
[SourceVersion "1"]
[SourceVersionDate "2025.04.30"]
[SourceQuality "1"]

1. d4 Nf6 2. Nf3 d5 3. c4 c6 4. g3 g6 5. Bg2 Bg7 6. 0-0 0-0 7. Qb3 dxc4 8. Qxc4 Nbd7 9. Nc3 Nb6 10. Qd3 Be6 11. Rd1 Nfd5 12. e4 Nb4 13. Qb1 Bg4 14. a3 Na6 15. Qd3 e6 16. Be3 Qc7 17. h3 Bxf3 18. Bxf3 Rad8 19. Qe2 Rd7 20. e5 Rfd8 21. Bg5 Rf8 22. Ne4 Nd5 23. h4 h6 24. Bd2 Qb6 25. h5 Qxb2 26. Bg4 g5 27. Qd3 Qb6 28. Bxg5 c5 29. Rab1 Qc6 30. Bh4 cxd4 31. Qxd4 Nb6 32. Qe3 Rxd1+ 33. Rxd1 Nc4 34. Qf4 Nc7 35. Nf6+ Kh8 36. Bf3 Nd5 37. Bxd5 exd5 38. Qf5 1-0

[Event "Medellin Sub zt 2.3.2"]
[Site "Medellin"]
[Date "2025.04.17"]
[Round "6"]
[White "Castillo Vazquez, Adgart Miguel"]
[Black "Valle, Efrain"]
[Result "0-1"]
[WhiteElo "1897"]
[BlackElo "2031"]
[PlyCount "96"]
[EventDate "2025.04.14"]
[EventType "swiss"]
[EventRounds "9"]
[EventCountry "COL"]
[SourceTitle "CB18_2025"]
[SourceDate "2025.04.30"]
[SourceVersion "1"]
[SourceVersionDate "2025.04.30"]
[SourceQuality "1"]

1. d4 Nf6 2. c4 g6 3. Nc3 Bg7 4. e4 d6 5. Bd3 0-0 6. Nge2 c5 7. d5 e6 8. 0-0 exd5 9. cxd5 Ng4 10. h3 Ne5 11. Ng3 b6 12. Be2 Ba6 13. f4 Ned7 14. Nb5 Bxb5 15. Bxb5 a6 16. Be2 b5 17. Rb1 Bd4+ 18. Kh2 Re8 19. b3 Nf6 20. Bf3 Nbd7 21. Bb2 Bxb2 22. Rxb2 Nb6 23. Rbf2 Nfd7 24. Bg4 Qe7 25. f5 Ne5 26. fxg6 hxg6 27. Rf6 Nbd7 28. Bxd7 Nxd7 29. Rxf7 Qxf7 30. Rxf7 Kxf7 31. Qf3+ Kg8 32. Qg4 Ne5 33. Qg5 Kf7 34. Ne2 c4 35. bxc4 bxc4 36. Nd4 Rac8 37. Nc6 Nxc6 38. dxc6 Re5 39. Qg4 Rc7 40. Kg3 Rce7 41. Kf3 c3 42. Qf4+ Kg7 43. Qe3 Rc5 44. Qd4+ Ree5 45. Qxd6 c2 46. Qd7+ Kf8 47. Qd8+ Kf7 48. Qd7+ Re7 0-1

[Event "Santo Domingo Independencia op 8th"]
[Site "Santo Domingo"]
[Date "2019.02.17"]
[Round "4"]
[White "Castillo Vazquez, Adgart Miguel"]
[Black "Rodriguez Gonzalez, Gustavo Adolfo"]
[Result "1-0"]
[WhiteElo "1912"]
[BlackElo "1707"]
[PlyCount "65"]
[EventDate "2019.02.15"]
[EventType "swiss"]
[EventRounds "8"]
[EventCountry "DOM"]
[SourceTitle "CBM 189 Extra"]
[Source "ChessBase"]
[SourceDate "2019.05.31"]
[SourceVersion "1"]
[SourceVersionDate "2019.05.31"]
[SourceQuality "1"]

1. d4 Nf6 2. c4 g6 3. Nc3 d5 4. cxd5 Nxd5 5. e4 Nxc3 6. bxc3 Bg7 7. Bc4 0-0 8. Ne2 c5 9. 0-0 Nc6 10. Be3 cxd4 11. cxd4 Bg4 12. f3 Na5 13. Bd5 Be6 14. Bxe6 fxe6 15. Qd3 b6 16. Rfc1 Qd7 17. Rc3 e5 18. d5 Nb7 19. Rac1 Rac8 20. Qc2 Rxc3 21. Qxc3 Nd6 22. Qc7 Qxc7 23. Rxc7 Nb5 24. Rc4 Rd8 25. a4 Nd6 26. Rc7 Rc8 27. Rxa7 Rc2 28. Kf2 Kf7 29. Bxb6 Nc8 30. Rc7 Rxe2+ 31. Kxe2 Nxb6 32. a5 Na8 33. Rc8 1-0

[Event "Santo Domingo De La Madre op"]
[Site "Santo Domingo"]
[Date "2018.06.02"]
[Round "8"]
[White "Castillo Vazquez, Adgart Miguel"]
[Black "Toro Rojas, Freddy Alberto"]
[Result "0-1"]
[WhiteElo "1923"]
[BlackElo "1911"]
[PlyCount "94"]
[EventDate "2018.05.18"]
[EventType "swiss"]
[EventRounds "8"]
[EventCountry "DOM"]
[SourceTitle "CBM 184 Extra"]
[Source "ChessBase"]
[SourceDate "2018.06.28"]
[SourceVersion "1"]
[SourceVersionDate "2018.06.28"]
[SourceQuality "1"]

1. d4 c6 2. c4 d5 3. Nc3 Nf6 4. Nf3 e6 5. Bg5 Be7 6. e3 Nbd7 7. Be2 0-0 8. 0-0 Ng4 9. Bxe7 Qxe7 10. h3 Ngf6 11. Qc2 Nb6 12. Ne5 Nbd7 13. Nxd7 Nxd7 14. e4 dxe4 15. Nxe4 e5 16. dxe5 Nxe5 17. Rad1 Bf5 18. Rfe1 Rad8 19. Rxd8 Rxd8 20. f3 Qh4 21. Rd1 h6 22. Rxd8+ Qxd8 23. Qc3 f6 24. Qd2 Qxd2 25. Nxd2 Kf7 26. Kf2 Ke6 27. Bd1 Nd3+ 28. Ke3 Nxb2 29. Bb3 Nd3 30. g4 Bg6 31. c5+ Kd7 32. Kd4 Nb4 33. Nc4 Na6 34. Nd6 Nxc5 35. Kxc5 b6+ 36. Kd4 Kxd6 37. f4 Bb1 38. Bf7 a5 39. f5 b5 40. h4 c5+ 41. Kc3 a4 42. a3 Be4 43. Be8 Bc6 44. Bf7 Ke5 45. Kd3 Kf4 46. Bh5 b4 47. axb4 cxb4 0-1

[Event "Santo Domingo Guzman Cup"]
[Site "Santo Domingo"]
[Date "2017.10.21"]
[Round "2"]
[White "Castillo Vazquez, Adgart Miguel"]
[Black "Crispin Ferreras, Darvi Abraham"]
[Result "0-1"]
[WhiteElo "1939"]
[BlackElo "2183"]
[PlyCount "82"]
[EventDate "2017.10.20"]
[EventType "swiss"]
[EventRounds "8"]
[EventCountry "DOM"]
[SourceTitle "CBM 181 Extra"]
[Source "ChessBase"]
[SourceDate "2017.12.12"]
[SourceVersion "1"]
[SourceVersionDate "2017.12.12"]
[SourceQuality "1"]

1. d4 Nf6 2. c4 c5 3. d5 e6 4. Nc3 exd5 5. cxd5 d6 6. e4 g6 7. Bd3 Bg7 8. Nge2 0-0 9. 0-0 a6 10. a4 Nbd7 11. Ng3 Qc7 12. h3 c4 13. Be2 Rb8 14. Be3 Re8 15. Ba7 Ra8 16. Bd4 Nc5 17. Bxc4 Ncxe4 18. Ncxe4 Nxe4 19. Nxe4 Rxe4 20. Bxg7 Kxg7 21. b3 Bd7 22. Re1 Rae8 23. Rxe4 Rxe4 24. Qd3 Re7 25. Qc3+ f6 26. Re1 Re5 27. f4 Qc5+ 28. Kh2 Rxe1 29. Qxe1 Kf7 30. Qh4 h5 31. Qg3 Bf5 32. Qf3 Qd4 33. g4 Qd2+ 34. Be2 Bc2 35. Kg1 Qd4+ 36. Kf1 h4 37. Qf2 Qxf2+ 38. Kxf2 Bxb3 39. a5 Bxd5 40. Bf3 Bxf3 41. Kxf3 Ke6 0-1

[Event "Santo Domingo U2000 op"]
[Site "Santo Domingo"]
[Date "2017.06.09"]
[Round "5"]
[White "Ventura Ruiz, Jonathan Leonardo"]
[Black "Castillo Vazquez, Adgart Miguel"]
[Result "1/2-1/2"]
[WhiteElo "1920"]
[BlackElo "1934"]
[PlyCount "88"]
[EventDate "2017.06.02"]
[EventType "swiss"]
[EventRounds "8"]
[EventCountry "DOM"]
[SourceTitle "CBM 178 Extra"]
[Source "ChessBase"]
[SourceDate "2017.06.22"]
[SourceVersion "1"]
[SourceVersionDate "2017.06.22"]
[SourceQuality "1"]

1. e4 c6 2. d3 d5 3. Nd2 e5 4. Ngf3 Bd6 5. Be2 Ne7 6. 0-0 0-0 7. c3 Ng6 8. Re1 Be6 9. Bf1 Nd7 10. d4 h6 11. a4 Qc7 12. g3 Rad8 13. Qc2 f5 14. Bh3 dxe4 15. Nxe4 Rde8 16. Nxd6 Qxd6 17. b3 c5 18. Ba3 Qd5 19. Nd2 exd4 20. Bg2 Qd6 21. cxd4 Qxd4 22. Bb2 Qd6 23. Bxb7 Nde5 24. Qc3 Bd5 25. Nc4 Bxc4 26. bxc4 Qd3 27. Bd5+ Kh7 28. Rad1 Qxc3 29. Bxc3 f4 30. Kg2 fxg3 31. hxg3 Ng4 32. Rxe8 Rxe8 33. Bf7 Re7 34. Bxg6+ Kxg6 35. Rd6+ Kh7 36. Rc6 Re2 37. Rc7 Rxf2+ 38. Kg1 Rf3 39. Rxg7+ Kh8 40. Rxg4+ Rxc3 41. Rg6 Kh7 42. Ra6 Rxg3+ 43. Kh2 Rc3 44. Rxa7+ Kg6 1/2-1/2

[Event "Santo Domingo Gesta Catorce op"]
[Site "Santo Domingo"]
[Date "2016.07.02"]
[Round "6"]
[White "De Leon, Marcos"]
[Black "Castillo Vazquez, Adgart Miguel"]
[Result "0-1"]
[WhiteElo "1714"]
[BlackElo "1968"]
[PlyCount "56"]
[EventDate "2016.06.24"]
[EventType "swiss"]
[EventRounds "8"]
[EventCountry "DOM"]
[SourceTitle "EXT 2017"]
[Source "ChessBase"]
[SourceDate "2016.10.25"]
[SourceVersion "1"]
[SourceVersionDate "2016.10.25"]
[SourceQuality "1"]

1. e4 e6 2. d4 d5 3. Nd2 c5 4. Ngf3 Nc6 5. exd5 exd5 6. dxc5 Bxc5 7. Nb3 Be7 8. Be2 Nf6 9. 0-0 0-0 10. h3 Bf5 11. c3 Qd7 12. Nbd4 Nxd4 13. Qxd4 Rfe8 14. Bd1 h6 15. Ba4 b5 16. Bd1 Rac8 17. Be2 Bc5 18. Qd1 Bd6 19. Nd4 a6 20. a4 Bxh3 21. axb5 Bb8 22. bxa6 Qc7 23. f4 Bd7 24. Bf3 Ba7 25. g3 Ne4 26. Kg2 Rb8 27. Qd3 Qc8 28. Kg1 Bb5 0-1

[Event "Santo Domingo Gesta Catorce op"]
[Site "Santo Domingo"]
[Date "2016.06.26"]
[Round "4"]
[White "Brito Cedeno, Pedro Maria"]
[Black "Castillo Vazquez, Adgart Miguel"]
[Result "1/2-1/2"]
[WhiteElo "1896"]
[BlackElo "1968"]
[PlyCount "44"]
[EventDate "2016.06.24"]
[EventType "swiss"]
[EventRounds "8"]
[EventCountry "DOM"]
[SourceTitle "EXT 2017"]
[Source "ChessBase"]
[SourceDate "2016.10.25"]
[SourceVersion "1"]
[SourceVersionDate "2016.10.25"]
[SourceQuality "1"]

1. d4 e6 2. c4 Nf6 3. Nc3 Bb4 4. Qc2 c5 5. Nf3 d5 6. cxd5 exd5 7. Bd2 0-0 8. e3 Nc6 9. Be2 cxd4 10. exd4 Bg4 11. Be3 Rc8 12. 0-0 Re8 13. a3 Bf8 14. Rfe1 Ne4 15. Qb3 Na5 16. Qa4 a6 17. Nxe4 dxe4 18. Nd2 b5 19. Qd1 Bxe2 20. Qxe2 Nc4 21. Nxc4 Rxc4 22. Rac1 Qc7 1/2-1/2

[Event "DOM-ch"]
[Site "Santo Domingo"]
[Date "2016.04.08"]
[Round "5"]
[White "Mendez, David"]
[Black "Castillo Vazquez, Adgart Miguel"]
[Result "1-0"]
[WhiteElo "2148"]
[BlackElo "2006"]
[PlyCount "99"]
[EventDate "2016.04.01"]
[EventType "swiss"]
[EventRounds "11"]
[EventCountry "DOM"]
[SourceTitle "CBM 171 Extra"]
[Source "ChessBase"]
[SourceDate "2016.04.26"]
[SourceVersion "1"]
[SourceVersionDate "2016.04.26"]
[SourceQuality "1"]

1. d4 e6 2. c4 Nf6 3. Nc3 Bb4 4. Qc2 c5 5. dxc5 0-0 6. Bg5 Bxc5 7. Nf3 Nc6 8. e3 h6 9. Bh4 Be7 10. Be2 d5 11. Rd1 Qa5 12. 0-0 Rd8 13. a3 a6 14. cxd5 exd5 15. Nd4 Nxd4 16. Rxd4 Be6 17. Rfd1 Rac8 18. Qb3 Rd7 19. Bf3 g5 20. Bg3 Bc5 21. Ra4 Qd8 22. Qc2 Rc6 23. Be5 b5 24. Rad4 Bxd4 25. Bxd4 g4 26. Be2 Ne4 27. f3 Nxc3 28. bxc3 h5 29. Bd3 Qe7 30. Ra1 Rb7 31. Qf2 Rbc7 32. Qd2 Qh4 33. g3 Qe7 34. e4 dxe4 35. Bxe4 Rd6 36. Qh6 f5 37. Qh8+ Kf7 38. Qxh5+ Kf8 39. Bxf5 Rxd4 40. cxd4 Qf6 41. Rf1 Bxf5 42. fxg4 Qxd4+ 43. Kg2 Qe4+ 44. Kh3 Rf7 45. Rxf5 Rxf5 46. gxf5 Qd3 47. Qh7 Qxa3 48. f6 Qd6 49. Qg7+ Ke8 50. f7+ 1-0

[Event "DOM-ch"]
[Site "Santo Domingo"]
[Date "2016.04.02"]
[Round "3"]
[White "Alvarez, Franklin"]
[Black "Castillo Vazquez, Adgart Miguel"]
[Result "0-1"]
[WhiteElo "2100"]
[BlackElo "2006"]
[PlyCount "56"]
[EventDate "2016.04.01"]
[EventType "swiss"]
[EventRounds "11"]
[EventCountry "DOM"]
[SourceTitle "CBM 171 Extra"]
[Source "ChessBase"]
[SourceDate "2016.04.26"]
[SourceVersion "1"]
[SourceVersionDate "2016.04.26"]
[SourceQuality "1"]

1. e4 c6 2. d4 d5 3. Nd2 dxe4 4. Nxe4 Bf5 5. Ng3 Bg6 6. h4 h6 7. Bc4 e6 8. Nf3 Nd7 9. Qe2 Qc7 10. 0-0 Ngf6 11. Ne5 Nxe5 12. dxe5 Nd5 13. Bb3 Be7 14. h5 Bh7 15. a3 0-0 16. Re1 Rad8 17. Qg4 Kh8 18. f4 Qa5 19. Re2 Qb5 20. Kh2 Rd7 21. Qf3 Qb6 22. c4 Nc7 23. f5 exf5 24. Nxf5 Bc5 25. Bc2 Ne6 26. Bxh6 gxh6 27. Nxh6 Qd8 28. Qh3 Nf4 0-1

[Event "Santo Domingo Summer op"]
[Site "Santo Domingo"]
[Date "2015.07.24"]
[Round "5"]
[White "Castillo Vazquez, Adgart Miguel"]
[Black "Sepulveda Herrera, Job Rodrigo"]
[Result "0-1"]
[WhiteElo "2025"]
[BlackElo "2243"]
[PlyCount "80"]
[EventDate "2015.07.17"]
[EventType "swiss"]
[EventRounds "8"]
[EventCountry "DOM"]
[SourceTitle "EXT 2016"]
[Source "ChessBase"]
[SourceDate "2015.10.08"]
[SourceVersion "1"]
[SourceVersionDate "2015.10.08"]
[SourceQuality "1"]

1. d4 Nf6 2. c4 c5 3. d5 Ne4 4. Qc2 Qa5+ 5. Bd2 Nxd2 6. Qxd2 Qxd2+ 7. Nxd2 g6 8. e4 Bg7 9. Rb1 d6 10. Bd3 0-0 11. Ne2 Nd7 12. 0-0 Ne5 13. Bc2 Bh6 14. f4 Ng4 15. Rf3 e5 16. h3 Nf6 17. fxe5 Nd7 18. Nf1 Nxe5 19. Rc3 Bd7 20. b4 b6 21. bxc5 dxc5 22. Nc1 Bg7 23. Kh1 h5 24. a4 Rfe8 25. Nd2 Rab8 26. Nf3 Ng4 27. Ra3 Nf2+ 28. Kh2 Nxe4 29. a5 Bh6 30. axb6 axb6 31. Ra7 Bf5 32. Nb3 Bf4+ 33. Kg1 g5 34. Re1 Nd6 35. Rxe8+ Rxe8 36. Bxf5 Nxf5 37. Rb7 g4 38. hxg4 hxg4 39. Nfd2 Re1+ 40. Nf1 Be3+ 0-1

[Event "Santo Domingo Summer op"]
[Site "Santo Domingo"]
[Date "2015.07.17"]
[Round "1"]
[White "Estevez, Vianyelis Stephanie"]
[Black "Castillo Vazquez, Adgart Miguel"]
[Result "0-1"]
[WhiteElo "1550"]
[BlackElo "2025"]
[PlyCount "104"]
[EventDate "2015.07.17"]
[EventType "swiss"]
[EventRounds "8"]
[EventCountry "DOM"]
[SourceTitle "EXT 2016"]
[Source "ChessBase"]
[SourceDate "2015.10.08"]
[SourceVersion "1"]
[SourceVersionDate "2015.10.08"]
[SourceQuality "1"]

1. d4 e6 2. c4 d5 3. Nc3 Bb4 4. Nf3 Nf6 5. g3 0-0 6. Bg2 c5 7. Bg5 Qa5 8. 0-0 Ne4 9. Nxe4 dxe4 10. Nd2 f6 11. Nb3 Qd8 12. Be3 cxd4 13. Nxd4 f5 14. Qb3 Na6 15. a3 Bc5 16. Rfd1 Qf6 17. Nc2 b6 18. Bd4 Bxd4 19. Nxd4 Nc5 20. Qe3 e5 21. Nb5 Rd8 22. b4 Ne6 23. c5 bxc5 24. bxc5 a6 25. Nd6 Nd4 26. Rab1 Be6 27. Qd2 Rab8 28. e3 Nb5 29. Qa5 Nxd6 30. Rxb8 Rxb8 31. cxd6 Bb3 32. Rd2 Bc4 33. Qc7 Rb1+ 34. Bf1 Bxf1 35. Rc2 Be2+ 36. Rc1 Rxc1+ 37. Qxc1 Qxd6 38. Qc8+ Kf7 39. Qxf5+ Ke8 40. Qc8+ Ke7 41. Qc1 Qd1+ 42. Qxd1 Bxd1 43. Kg2 a5 44. Kh3 g5 45. Kg2 g4 46. h3 h5 47. hxg4 hxg4 48. Kf1 Kd6 49. Ke1 Bf3 50. Kd2 Kc5 51. Kc3 a4 52. Kc2 Kc4 0-1

[Event "Santo Domingo op U2100 2nd"]
[Site "Santo Domingo"]
[Date "2015.06.28"]
[Round "7"]
[White "Del Rosario Moreno, Carlos"]
[Black "Castillo Vazquez, Adgart Miguel"]
[Result "0-1"]
[WhiteElo "2049"]
[BlackElo "1967"]
[PlyCount "132"]
[EventDate "2015.06.19"]
[EventType "swiss"]
[EventRounds "8"]
[EventCountry "DOM"]
[SourceTitle "CBM 167 Extra"]
[Source "ChessBase"]
[SourceDate "2015.09.14"]
[SourceVersion "1"]
[SourceVersionDate "2015.09.14"]
[SourceQuality "1"]

1. d4 e6 2. c4 Nf6 3. Nf3 b6 4. g3 Bb7 5. Bg2 Be7 6. Nc3 d6 7. Qc2 c5 8. d5 exd5 9. Nh4 0-0 10. Nf5 Na6 11. cxd5 Nb4 12. Qd1 Qd7 13. Nxe7+ Qxe7 14. 0-0 Rfe8 15. Re1 Rad8 16. a3 Na6 17. b4 Nc7 18. Bb2 Ng4 19. Qa4 cxb4 20. axb4 a6 21. b5 Nf6 22. bxa6 Bxa6 23. e4 Nd7 24. Rad1 Nc5 25. Qd4 f6 26. Bf1 Bxf1 27. Kxf1 Qd7 28. Re3 Ra8 29. Qc4 b5 30. Qd4 b4 31. Ne2 Ra4 32. f3 Nb5 33. Qd2 Rea8 34. Kg1 Qa7 35. Kg2 Qa5 36. e5 fxe5 37. f4 e4 38. Nd4 Ra2 39. Nxb5 Qxb5 40. Qd4 Qb7 41. Rc1 Nd3 42. Rc2 b3 43. Rce2 Rxb2 44. Rxb2 Nxb2 45. Qxe4 Nd1 46. Qe6+ Qf7 47. Rxb3 Qxe6 48. dxe6 Re8 49. Rd3 Nb2 50. Rxd6 Nc4 51. Ra6 g6 52. g4 Re7 53. Kf3 Kg7 54. Ke4 h6 55. h4 Kf6 56. g5+ hxg5 57. hxg5+ Kg7 58. Kd4 Nb2 59. Kd5 Nd3 60. Ra3 Nxf4+ 61. Kd6 Rxe6+ 62. Kd7 Re5 63. Rg3 Ne6 64. Kd6 Rxg5 65. Ra3 Nf4 66. Rf3 Rf5 0-1

[Event "Santo Domingo op U2100 2nd"]
[Site "Santo Domingo"]
[Date "2015.06.27"]
[Round "6.1"]
[White "Castillo Vazquez, Adgart Miguel"]
[Black "De Los Santos Nunez, Eddy"]
[Result "0-1"]
[WhiteElo "1967"]
[BlackElo "2064"]
[PlyCount "120"]
[EventDate "2015.06.19"]
[EventType "swiss"]
[EventRounds "8"]
[EventCountry "DOM"]
[SourceTitle "EXT 2017"]
[Source "ChessBase"]
[SourceDate "2016.10.25"]
[SourceVersion "1"]
[SourceVersionDate "2016.10.25"]
[SourceQuality "1"]

1. d4 Nf6 2. c4 c5 3. d5 e6 4. Nc3 exd5 5. cxd5 d6 6. e4 g6 7. Bd3 Bg7 8. Nge2 0-0 9. 0-0 a6 10. a4 Ng4 11. h3 Ne5 12. Ng3 Qh4 13. Be2 Nbd7 14. Kh2 Nf6 15. Qe1 Bg4 16. f3 Bd7 17. Be3 Bh6 18. Nf5 Bf4+ 19. g3 Bxf5 20. gxf4 Qxh3+ 21. Kg1 Neg4 22. fxg4 Qxe3+ 23. Qf2 Qxf2+ 24. Rxf2 Bxg4 25. e5 Bxe2 26. Rxe2 dxe5 27. fxe5 Nd7 28. Rd1 Rfe8 29. e6 fxe6 30. dxe6 Nf6 31. e7 Kg7 32. Rf1 Ng8 33. Nd5 Rac8 34. Ref2 Nh6 35. Rf6 Nf5 36. Re1 Rc6 37. Rxc6 bxc6 38. Nc7 Rxe7 39. Rxe7+ Nxe7 40. Nxa6 c4 41. Nb8 Kf7 42. a5 Ke6 43. a6 Nc8 44. Nxc6 Kd6 45. a7 Nb6 46. Na5 Kc5 47. Kg2 Kb5 48. Nb7 Ka6 49. a8Q+ Nxa8 50. Nd6 Nb6 51. Kf2 Ka5 52. Ke3 Kb4 53. Kd2 Kb3 54. Kc1 Na4 55. Ne4 Nxb2 56. Nd2+ Ka2 57. Kc2 h5 58. Nf3 Na4 59. Ne5 h4 60. Nxg6 h3 0-1

[Event "Santo Domingo op U2100 2nd"]
[Site "Santo Domingo"]
[Date "2015.06.21"]
[Round "4"]
[White "Castillo Vazquez, Adgart Miguel"]
[Black "Escano Dionicio, Porfirio Simeon"]
[Result "1-0"]
[WhiteElo "1967"]
[BlackElo "1973"]
[PlyCount "49"]
[EventDate "2015.06.19"]
[EventType "swiss"]
[EventRounds "8"]
[EventCountry "DOM"]
[SourceTitle "CBM 167 Extra"]
[Source "ChessBase"]
[SourceDate "2015.09.14"]
[SourceVersion "1"]
[SourceVersionDate "2015.09.14"]
[SourceQuality "1"]

1. d4 d5 2. c4 e6 3. Nc3 c6 4. Nf3 Bd6 5. Bg5 Nf6 6. e3 Nbd7 7. Bd3 Qe7 8. 0-0 0-0 9. e4 dxe4 10. Nxe4 Bc7 11. Qc2 h6 12. Bh4 b6 13. Rfe1 Bb7 14. Rad1 Rac8 15. Qe2 Bd8 16. Ne5 Qb4 17. a3 Qa5 18. Nd6 Rb8 19. Qf3 Ba8 20. Bb1 g6 21. Bxf6 Nxf6 22. Qd3 Be7 23. b4 Qa6 24. Nexf7 Rxf7 25. Nxf7 1-0